Reading images : the grammar of visual design

Saved in:
Bibliographic Details
Main Author: Kress, Gunther
Other Authors: Leeuwen, Theo van
Format: Book
Language:English
Published: London : Routledge, 1996.
Subjects:
Tags: Add Tag
No Tags, Be the first to tag this record!

MARC

LEADER 00000cam a2200000 i 4500
001 1/93553
008 991122s1996 enk| ||| |||| ||eng||
020 |a 0415105994 
035 |l 10054449 
040 |a GR-MyUa  |b gre  |e AACR2  
041 0 |a eng 
082 7 |a 741.6   |2 (22)  
100 1 |a Kress, Gunther. 
245 1 0 |a Reading images :   |b the grammar of visual design /   |c Gunther Kress, Theo van Leeuwen.  
260 |a London :   |b Routledge,   |c 1996.  
300 |a x, 288 σ. :   |b εικ. ;   |c 26 εκ.  
504 |a Περιέχει βιβλιογραφικές αναφορές (σ.268-280) και ευρετήριο.  
650 0 |a Communication in design. 
700 1 |a Leeuwen, Theo van. 
767 0 8 |i Μεταφρασμένο ως:   |t Η ανάγνωση των εικόνων :  
852 |a INST  |b RHODES  |e 19991122  |h 741.6 KRE  |p 005400018004  |q 005400018004  |t BK  |y 0 
901 |a BIBL4-1999-3 
922 |a 4ΕΛΗ  |b 199908  |c ΚΠΣ/154  |d GLORY BOOKS 
970 |a Κουλακιώτη  |b Λίτσα   |z 1999/11/22